全国重点文物保护单位数量不超过2家的27个地级行政区 - Statistics

General Stats
  • This quiz has been taken 21 times
  • The average score is 13 of 27
Answer Stats
数量 地点 % Correct
1家 大兴安岭
85%
0家 乌海
80%
0家 七台河
75%
0家 攀枝花
70%
0家 伊春
70%
2家 双鸭山
70%
2家 鹤岗
65%
1家 嘉峪关
55%
2家 辽源
55%
2家 林芝
55%
2家 绥化
55%
1家 克孜勒苏
50%
1家 怒江
50%
2家 盘锦
50%
2家 六盘水
45%
2家 铜陵
40%
2家 克拉玛依
35%
2家 廊坊
35%
2家 汕尾
35%
2家 河源
30%
2家 茂名
30%
0家 防城港
25%
1家 阜阳
20%
2家 清远
20%
2家 阳江
20%
1家 德州
15%
2家 贵港
15%
No matching quizzes found
Score Distribution
Percent of People with Each Score
Percentile by Number Answered
Your Score History
You have not taken this quiz